000 004860000a22001930004500
001 003093
003 MACL
005 20150822110721.0
008 150822b xxu||||| |||| 00| 0 eng d
040 _aMACL
_cMACL
041 _aEnglish
082 _a600/SAB
100 _aSabharwal, Desraj
_96651
245 _aNew Technology And Agrarian Change
_cDesraj Sabharwal
260 _aDelhi
_c2002
_bSanjay Prakashan,
350 _a250
650 _aTechnology
_96653
942 _k600
_cBK
_2ddc
999 _c14999
_d14999